[Event "Bodenmais Arber Seniors op 10th"]
[Site "Bodenmais"]
[Date "2023.08.08"]
[Round "4"]
[White "Paus, Franz"]
[Black "Drews, Ruediger"]
[Result "1-0"]
[WhiteElo "1994"]
[BlackElo "1894"]
[PlyCount "23"]
[EventDate "2023.08.05"]
[EventType "swiss"]
[EventRounds "9"]
[EventCountry "GER"]
[SourceTitle "EXT 2024"]
[Source "ChessBase"]
[SourceDate "2023.10.10"]
[SourceVersion "1"]
[SourceVersionDate "2023.10.10"]
[SourceQuality "1"]

1. d4 Nf6 2. Bf4 e6 3. Nf3 b6 4. e3 Bb7 5. Nbd2 c5 6. c3 Be7 7. h3 Qc8 8. Rc1 Ba6 9. c4 cxd4 10. exd4 Qd8 11. Qa4 0-0 12. Bxb8 1-0

[Event "Arber op Seniors 4th"]
[Site "Bodenmais"]
[Date "2016.08.06"]
[Round "8"]
[White "Ruzicka, Tomas"]
[Black "Drews, Ruediger"]
[Result "0-1"]
[WhiteElo "1746"]
[BlackElo "1915"]
[PlyCount "68"]
[EventDate "2016.07.30"]
[EventType "swiss"]
[EventRounds "9"]
[EventCountry "GER"]
[SourceTitle "EXT 2017"]
[Source "ChessBase"]
[SourceDate "2016.10.25"]
[SourceVersion "1"]
[SourceVersionDate "2016.10.25"]
[SourceQuality "1"]

1. e4 c5 2. f4 e6 3. Nf3 d5 4. Bb5+ Bd7 5. Bxd7+ Qxd7 6. e5 Nc6 7. 0-0 Nh6 8. d3 Be7 9. Nc3 0-0 10. Ne2 Nf5 11. Ng3 Nxg3 12. hxg3 f6 13. c3 fxe5 14. fxe5 Qc7 15. Bf4 Rf5 16. d4 Raf8 17. Qd2 h6 18. Bxh6 cxd4 19. cxd4 Bb4 20. Qe3 gxh6 21. Qxh6 Qf7 22. Qe3 Ba5 23. g4 Rf4 24. Nh2 Nxd4 25. g3 Rxf1+ 26. Rxf1 Qg7 27. Kg2 Rxf1 28. Kxf1 Nc6 29. g5 Qxe5 30. Ke2 Qxe3+ 31. Kxe3 Bb6+ 32. Kd3 Ne5+ 33. Ke2 Kg7 34. Nf3 Nxf3 0-1

[Event "Arber op Seniors 4th"]
[Site "Bodenmais"]
[Date "2016.07.31"]
[Round "2"]
[White "Schmid, Siegfried"]
[Black "Drews, Ruediger"]
[Result "1/2-1/2"]
[WhiteElo "2134"]
[BlackElo "1915"]
[PlyCount "33"]
[EventDate "2016.07.30"]
[EventType "swiss"]
[EventRounds "9"]
[EventCountry "GER"]
[SourceTitle "EXT 2017"]
[Source "ChessBase"]
[SourceDate "2016.10.25"]
[SourceVersion "1"]
[SourceVersionDate "2016.10.25"]
[SourceQuality "1"]

1. e4 c5 2. c3 e6 3. d4 d5 4. exd5 exd5 5. Be3 cxd4 6. Bxd4 Nc6 7. Nf3 Nxd4 8. Qxd4 Nf6 9. Bb5+ Bd7 10. Bxd7+ Qxd7 11. 0-0 Be7 12. Nbd2 0-0 13. Nb3 Qb5 14. Qd1 Rfe8 15. Nfd4 Qd7 16. Qd3 Bf8 17. Rad1 1/2-1/2

[Event "Arber op Seniors 4th"]
[Site "Bodenmais"]
[Date "2016.07.30"]
[Round "1"]
[White "Drews, Ruediger"]
[Black "Schuster, Herbert"]
[Result "1-0"]
[WhiteElo "1915"]
[BlackElo "1804"]
[PlyCount "107"]
[EventDate "2016.07.30"]
[EventType "swiss"]
[EventRounds "9"]
[EventCountry "GER"]
[SourceTitle "EXT 2017"]
[Source "ChessBase"]
[SourceDate "2016.10.25"]
[SourceVersion "1"]
[SourceVersionDate "2016.10.25"]
[SourceQuality "1"]

1. c4 e6 2. Nc3 Nf6 3. d4 d5 4. cxd5 exd5 5. Bg5 c6 6. e3 Bf5 7. Qf3 Bg6 8. Bxf6 Qxf6 9. Qxf6 gxf6 10. Rc1 Nd7 11. Nf3 Bd6 12. Be2 Bh5 13. Nh4 Bxe2 14. Kxe2 Nb6 15. Nf5 Bf8 16. f3 h5 17. Kf2 Kd7 18. e4 Re8 19. Rhe1 Bb4 20. a3 Bxc3 21. bxc3 h4 22. Rb1 Kc7 23. exd5 Rxe1 24. Rxe1 Nxd5 25. c4 Nb6 26. Re7+ Nd7 27. Rxf7 Rh5 28. Ng7 Ra5 29. Ne8+ Kd8 30. Nxf6 Nxf6 31. Rxf6 Rxa3 32. f4 a5 33. Rh6 a4 34. Rxh4 Rc3 35. c5 Rd3 36. Rh8+ Ke7 37. Rh7+ Kf6 38. Rxb7 Rxd4 39. Kf3 Rc4 40. Ra7 Ke6 41. Ra6 Kd5 42. f5 Kxc5 43. g4 Kd6 44. Ra7 Ke5 45. Re7+ Kf6 46. Re6+ Kf7 47. g5 a3 48. g6+ Kf8 49. Rf6+ Kg8 50. Re6 Ra4 51. Re8+ Kg7 52. Re7+ Kg8 53. f6 Ra8 54. Rg7+ 1-0

[Event "Arber op Seniors 3rd"]
[Site "Bayerisch Eisenstein"]
[Date "2015.08.08"]
[Round "8"]
[White "Klimpel, Siegfried"]
[Black "Drews, Ruediger"]
[Result "0-1"]
[WhiteElo "1801"]
[BlackElo "1885"]
[PlyCount "90"]
[EventDate "2015.08.01"]
[EventType "swiss"]
[EventRounds "9"]
[EventCountry "GER"]
[SourceTitle "EXT 2016"]
[Source "ChessBase"]
[SourceDate "2015.10.08"]
[SourceVersion "1"]
[SourceVersionDate "2015.10.08"]
[SourceQuality "1"]

1. e4 c5 2. d4 cxd4 3. c3 d5 4. exd5 Qxd5 5. Nf3 Nf6 6. Qxd4 Qxd4 7. Nxd4 a6 8. Bf4 e6 9. Nd2 Bd7 10. Bd3 Nc6 11. N2f3 Nxd4 12. Nxd4 Bc5 13. Nf3 0-0 14. 0-0 Rfd8 15. Ne5 Be8 16. Bg5 Bd6 17. Bxf6 gxf6 18. Ng4 Kg7 19. Rad1 f5 20. Ne3 b5 21. Bxf5 Be7 22. Be4 Rab8 23. Rxd8 Rxd8 24. Rd1 Rxd1+ 25. Nxd1 f5 26. Bd3 Bc5 27. Ne3 Kf6 28. Nc2 e5 29. b4 Ba7 30. Kf1 Bf7 31. a4 Bb3 32. axb5 axb5 33. Na3 e4 34. Bxb5 Bb8 35. Be2 Bd6 36. h3 Ke6 37. Nc4 Be7 38. Ke1 Bf6 39. Kd2 Bg5+ 40. Ne3 f4 41. Bc4+ Bxc4 42. Nxc4 Kd5 43. h4 Bh6 44. Nb6+ Kc6 45. Nc4 f3+ 0-1

[Event "Arber op Seniors 3rd"]
[Site "Bayerisch Eisenstein"]
[Date "2015.08.03"]
[Round "4"]
[White "Kyas, Juergen"]
[Black "Drews, Ruediger"]
[Result "1-0"]
[WhiteElo "2197"]
[BlackElo "1885"]
[PlyCount "49"]
[EventDate "2015.08.01"]
[EventType "swiss"]
[EventRounds "9"]
[EventCountry "GER"]
[SourceTitle "EXT 2016"]
[Source "ChessBase"]
[SourceDate "2015.10.08"]
[SourceVersion "1"]
[SourceVersionDate "2015.10.08"]
[SourceQuality "1"]

1. e4 Nf6 2. e5 Nd5 3. d4 d6 4. Nf3 dxe5 5. Nxe5 g6 6. Bc4 c6 7. 0-0 Bg7 8. Re1 0-0 9. Bb3 Bf5 10. Nd2 Nd7 11. Ndf3 Nxe5 12. Nxe5 a5 13. c3 Qc7 14. Qf3 Rfd8 15. Nxf7 Kxf7 16. g4 e6 17. gxf5 exf5 18. Bg5 Rd7 19. Re2 a4 20. Bxd5+ cxd5 21. Rae1 Bf6 22. Qh3 h5 23. Bxf6 Kxf6 24. Qh4+ Kg7 25. Re7+ 1-0

[Event "Arber op 3rd"]
[Site "Bayerisch Eisenstein"]
[Date "2014.08.21"]
[Round "6"]
[White "Drews, Ruediger"]
[Black "Weidenhoefer, Robert"]
[Result "1/2-1/2"]
[WhiteElo "1899"]
[BlackElo "1718"]
[PlyCount "110"]
[EventDate "2014.08.16"]
[EventType "swiss"]
[EventRounds "9"]
[EventCountry "GER"]
[SourceTitle "CBM 161 Extra"]
[Source "ChessBase"]
[SourceDate "2014.08.29"]
[SourceVersion "1"]
[SourceVersionDate "2014.08.29"]
[SourceQuality "1"]

1. d4 b6 2. c4 Bb7 3. Nc3 e6 4. a3 Nf6 5. Qc2 c5 6. dxc5 Bxc5 7. Nf3 0-0 8. b4 Be7 9. Bf4 d5 10. e3 Qc8 11. Nb5 Na6 12. Bd6 Qd7 13. Bxe7 Qxe7 14. Be2 Rfc8 15. Qb3 dxc4 16. Bxc4 Bxf3 17. gxf3 Nc7 18. Nd4 Ncd5 19. 0-0 Rc7 20. Rfc1 Rac8 21. Ne2 Qd6 22. Ba6 Rxc1+ 23. Rxc1 Rxc1+ 24. Nxc1 Qc6 25. Qc4 Qxc4 26. Bxc4 Kf8 27. Ne2 Ke7 28. Nd4 Kf8 29. Nc6 Nc3 30. Nxa7 Nb1 31. a4 Nd2 32. Be2 Nd5 33. a5 bxa5 34. bxa5 Ke8 35. a6 Kd7 36. Nb5 Nc7 37. a7 Na8 38. Kg2 h6 39. Kg3 Kc6 40. Kf4 f6 41. Nd4+ Kb6 42. Nxe6 g6 43. Nf8 Kxa7 44. Nxg6 Nc7 45. Kf5 Nd5 46. Ke6 Nc3 47. Bd3 Nxf3 48. Kxf6 Nxh2 49. Ne5 Nd1 50. f4 Nxe3 51. Kg6 Kb6 52. Kxh6 Nhg4+ 53. Nxg4 Nxg4+ 54. Kg5 Ne3 55. Kg6 Kc5 1/2-1/2

[Event "Arber op 3rd"]
[Site "Bayerisch Eisenstein"]
[Date "2014.08.18"]
[Round "3"]
[White "Grabmeier, Johannes"]
[Black "Drews, Ruediger"]
[Result "1-0"]
[WhiteElo "1914"]
[BlackElo "1899"]
[PlyCount "75"]
[EventDate "2014.08.16"]
[EventType "swiss"]
[EventRounds "9"]
[EventCountry "GER"]
[SourceTitle "CBM 161 Extra"]
[Source "ChessBase"]
[SourceDate "2014.08.29"]
[SourceVersion "1"]
[SourceVersionDate "2014.08.29"]
[SourceQuality "1"]

1. b3 d6 2. e3 Nf6 3. Bb2 Nbd7 4. f4 e5 5. g3 Be7 6. Bg2 c6 7. Nc3 Qc7 8. Qe2 Nc5 9. fxe5 dxe5 10. e4 Bg4 11. Nf3 Ne6 12. 0-0-0 0-0 13. Qf1 Rfd8 14. h3 Bxf3 15. Bxf3 b5 16. Ne2 Bc5 17. Kb1 a5 18. Qg2 a4 19. b4 a3 20. Ba1 Bb6 21. Nc1 c5 22. bxc5 Bxc5 23. Nb3 Bb6 24. c3 Rac8 25. Rc1 Qc4 26. Qf1 Qc6 27. Qe2 Qd7 28. Rhd1 Qd3+ 29. Qxd3 Rxd3 30. Rf1 Nc5 31. Nxc5 Rxc5 32. Kc2 Rd8 33. d3 Ba5 34. Rfd1 Rdc8 35. Kb3 b4 36. c4 R5c7 37. Bxe5 Rd7 38. Bxf6 1-0

[Event "Verbandsliga Nord Baden 1213"]
[Site "Baden"]
[Date "2013.01.13"]
[Round "4.8"]
[White "Drews, Ruediger"]
[Black "Oden, Edgar"]
[Result "1/2-1/2"]
[WhiteElo "1912"]
[BlackElo "2008"]
[PlyCount "111"]
[EventDate "2012.10.21"]
[EventType "team-tourn"]
[EventRounds "9"]
[EventCountry "GER"]
[SourceTitle "EXT 2014"]
[Source "ChessBase"]
[SourceDate "2013.11.20"]
[SourceVersion "1"]
[SourceVersionDate "2013.11.20"]
[SourceQuality "1"]
[WhiteTeam "Mosbach"]
[BlackTeam "Bad Mergentheim II"]
[WhiteTeamCountry "GER"]
[BlackTeamCountry "GER"]

1. d4 Nf6 2. Nf3 e6 3. c4 b6 4. g3 Bb7 5. Bg2 Be7 6. 0-0 0-0 7. Nc3 d5 8. Ne5 Na6 9. cxd5 Nxd5 10. e4 Nf6 11. Be3 c5 12. d5 exd5 13. exd5 Nb4 14. Qb3 Qc7 15. f4 Bd6 16. Nb5 Qe7 17. Nc4 Ne8 18. Rad1 Ba6 19. a4 Bxb5 20. axb5 Nc7 21. Nxd6 Qxd6 22. Qc4 Rad8 23. f5 Ncxd5 24. Bf4 Qd7 25. Bg5 f6 26. Bd2 Qf7 27. Rfe1 Rfe8 28. Rxe8+ Rxe8 29. Bxb4 Nxb4 30. Qxf7+ Kxf7 31. Kf2 Re5 32. Rd7+ Re7 33. Rd8 g6 34. g4 gxf5 35. gxf5 Nc2 36. Bf1 Ne3 37. Bd3 Ng4+ 38. Kg3 Ne5 39. Kf4 Rd7 40. Rxd7+ Nxd7 41. Bc4+ Ke7 42. Bg8 h6 43. Kg4 Ne5+ 44. Kh5 Kf8 45. Bd5 Kg7 46. b3 Nd3 47. Be4 Nf4+ 48. Kg4 Ne2 49. Bd3 Nd4 50. Bc4 Kf8 51. Kh5 Kg7 52. Kg4 h5+ 53. Kf4 Kf8 54. h4 Ke7 55. Ke4 Kd6 56. Kf4 1/2-1/2

[Event "Verbandsliga Nord Baden 0910"]
[Site "Baden"]
[Date "2010.12.12"]
[Round "4.4"]
[White "Drews, Ruediger"]
[Black "Schmitt, Philipp"]
[Result "1/2-1/2"]
[WhiteElo "1911"]
[BlackElo "2122"]
[PlyCount "43"]
[EventDate "2010.10.17"]
[EventType "team-tourn"]
[EventRounds "9"]
[EventCountry "GER"]
[SourceTitle "EXT 2012"]
[Source "ChessBase"]
[SourceDate "2011.11.24"]
[SourceVersion "1"]
[SourceVersionDate "2011.11.24"]
[SourceQuality "1"]
[WhiteTeam "Mosbach"]
[BlackTeam "Bad Mergentheim"]
[WhiteTeamCountry "GER"]
[BlackTeamCountry "GER"]

1. c4 e6 2. Nc3 d5 3. cxd5 exd5 4. d4 c6 5. Bf4 Nf6 6. e3 Bd6 7. Bxd6 Qxd6 8. Bd3 0-0 9. Qc2 Re8 10. Nf3 Nbd7 11. 0-0 Nf8 12. Ne5 Ng6 13. f4 Nd7 14. Qf2 Ngf8 15. Rae1 f6 16. Nxd7 Bxd7 17. f5 c5 18. dxc5 Qxc5 19. e4 Qxf2+ 20. Kxf2 dxe4 21. Bxe4 Bc6 22. Bxc6 1/2-1/2

[Event "Baden-ch HT4"]
[Site "Hockenheim"]
[Date "1994.??.??"]
[Round "3"]
[White "Neuwald, Volker"]
[Black "Drews, Ruediger"]
[Result "1/2-1/2"]
[WhiteElo "1780"]
[BlackElo "1955"]
[PlyCount "24"]
[EventDate "1994.??.??"]
[EventType "swiss"]
[EventRounds "11"]
[EventCountry "GER"]
[SourceTitle "EXT 2003"]
[Source "ChessBase"]
[SourceDate "2002.11.25"]
[SourceVersion "1"]
[SourceVersionDate "2002.11.25"]
[SourceQuality "1"]

1. b4 e5 2. b5 d5 3. Bb2 Bd6 4. e3 Nf6 5. c4 dxc4 6. Bxc4 0-0 7. Qb3 Nbd7 8. d4 exd4 9. Bxd4 Ne5 10. Nd2 Qe7 11. Ngf3 Bg4 12. Be2 c5 1/2-1/2